000
00204nam a2200085Ia 4500
008
250605s9999 xx 000 0 und d
041
_a
eng
100
_a
Siddharth Sharma
245
_a
BNM Business Solutions LLP
999
_c
46053
_d
46053